Catálogo
 En Linea

Comunismo sin máscara / (Registro nro. 31301)

Detalles MARC
000 -CABECERA
campo de control de longitud fija 00495nam a2200169 a 4500
001 - NÚMERO DE CONTROL
campo de control 000031809
005 - FECHA Y HORA DE LA ÚLTIMA TRANSACCIÓN
campo de control 20200930063210.0
008 - DATOS DE LONGITUD FIJA--INFORMACIÓN GENERAL
campo de control de longitud fija 110706s1957 cu abc 000 0 spa d
040 ## - FUENTE DE LA CATALOGACIÓN
Centro catalogador/agencia de origen DO-SdBNP
Lengua de catalogación spa
Centro/agencia transcriptor BNPHU
082 ## - NÚMERO DE LA CLASIFICACIÓN DECIMAL DEWEY
Número de clasificación xxx
Número de documento/Ítem S816c
049 ## - FONDOS LOCALES (OCLC)
Fondos de biblioteca BNPD
100 1# - ENTRADA PRINCIPAL--NOMBRE DE PERSONA
Nombre de persona Stefanich, Blas
9 (RLIN) 58023
245 10 - MENCIÓN DE TÍTULO
Título Comunismo sin máscara /
Mención de responsabilidad, etc. Blas Stefanich.
250 ## - MENCIÓN DE EDICIÓN
Mención de edición 7a ed.
260 ## - PUBLICACIÓN, DISTRIBUCIÓN, ETC.
Lugar de publicación, distribución, etc. [Cuidad Trujillo, República Dominicana] :
Nombre del editor, distribuidor, etc. [s.n],
Fecha de publicación, distribución, etc. [1957].
300 ## - DESCRIPCIÓN FÍSICA
Extensión 200 p. :
Otras características físicas il., maps., retrs. ;
Dimensiones 23 cm.
Existencias
Estado de retiro Estado de pérdida Restricciones de uso No para préstamo Código de colección Localización permanente Ubicación/localización actual Ubicación en estantería Fecha de adquisición Número de inventario Total de préstamos Signatura topográfica completa Código de barras Fecha visto por última vez Precio válido a partir de Tipo de ítem Koha Nota pública
      Excluido de préstamo Monografías: Libros y Folletos Patrimonio Dominicano Patrimonio Dominicano Depósito 11.09.2013 LF1   xxx S816c 31809-20 25.06.2020 25.06.2020 No se presta  
      Excluido de préstamo Raros y valiosos Patrimonio Dominicano Patrimonio Dominicano Depósito 06.07.2011 LF1   xxx S816c 31809-10 25.06.2020 25.06.2020 No se presta Perteneció a la colección Martínez Boog

Con tecnología Koha